LEADER 01085nam--2200385---450- 001 990002693990203316 005 20080925162628.0 035 $a000269399 035 $aUSA01000269399 035 $a(ALEPH)000269399USA01 035 $a000269399 100 $a20051214d1978----km-y0itay0103----ba 101 $aita 102 $aIT 105 $a||||||||001yy 200 1 $a<> vita di Federico da Montefeltro$e(1422-1482)$fWalter Tommasoli 210 $aUrbino$cArgalia$dc1978 215 $a377 p.$d22 cm. 225 2 $aStudi storici 410 0$12001$aStudi storici 454 1$12001 461 1$1001-------$12001 600 0$aFederico : da Montefeltro 676 $a945.677 700 1$aTOMMASOLI,$bWalter$0592268 801 0$aIT$bsalbc$gISBD 912 $a990002693990203316 951 $aFC M 1900$bDLM$cFC M 959 $aBK 969 $aDILAM 979 $aDILAM$b90$c20051214$lUSA01$h1049 979 $aDILAM$b90$c20051216$lUSA01$h0922 979 $aDILAM$b90$c20080925$lUSA01$h1626 996 $aVita di Federico da Montefeltro$91000950 997 $aUNISA LEADER 01404nam2-2200373---450- 001 990003534240203316 005 20110527100947.0 010 $a978-88-348-1724-7$brilegato 035 $a000353424 035 $aUSA01000353424 035 $a(ALEPH)000353424USA01 035 $a000353424 100 $a20110527d2011----km-y0itay0103----ba 101 $aita 102 $aIT 105 $a||||||||001yy 200 1 $a<> <> esecuzione forzata, i procedimenti sommari, cautelari e possessori, il nuovo procedimento sommario cognitorio, la giurisdizione volontaria$fCrisanto Mandrioli 205 $a21. ed. aggiornata$fa cura di Antonio Carratta 210 $aTorino$cGiappichelli$d2011 215 $aXII, 478 p.$d24 cm 461 0$1001000353415$12001$aDiritto processuale civile 606 0 $aDiritto processuale civile$2BNCF 676 $a347.4505 700 1$aMANDRIOLI,$bCrisanto$0227204 801 0$aIT$bsalbc$gISBD 912 $a990003534240203316 951 $aXXVII.1.B. 385 4$b71261 G.$cXXVII.1.B. 385/$d00296875 959 $aBK 969 $aGIU 979 $aFIORELLA$b90$c20110527$lUSA01$h0949 979 $aFIORELLA$b90$c20110527$lUSA01$h0950 979 $aFIORELLA$b90$c20110527$lUSA01$h1009 996 $aEsecuzione forzata, i procedimenti sommari, cautelari e possessori, il nuovo procedimento sommario cognitorio, la giurisdizione volontaria$967060 997 $aUNISA